000 00336nam a22001577a 4500
003 SGT
020 _a978-81-239-2311-6
082 _a615
_bM15U
100 _aUDAYKUMAR, PADMAJA
245 _aMEDICAL PHARMACOLOGY
250 _a4TH
260 _aINDIA
_bCBS
_c2015
300 _a668
650 _aPHARMACOLOGY
942 _2ddc
_cBK
_0249
999 _c10548
_d10548